000 00281nam a22001337a 4500
008 181106b xxu||||| |||| 00| 0 eng d
020 _a9780831133511
041 _aeng
080 _a370
100 _a49
101 _aEDU
245 _aLean Production
_cJohn.B
942 _2udc
_cBK
999 _c52036
_d52036